Giornale musicale del Teatro italiano di S.Pietroburgo, o scelta d'arie, duetti, terzetti ouverture etc. delle Opere buffe, rappresentati sul Teatro Imperiale di St.Pietroburgo, nell' Anno 1796, e segnenti, dati in luce da B.T.Breitkopf. Vol.5 (Запись № 9603902)

Подробности
000 -МАРКЕР
контрольное поле 01127nam2a22002411 4500
001 - ИДЕНТИФИКАТОР ЗАПИСИ
контрольное поле RU\NLR\INFOCOMM15\ROSSICA\1000122070
005 - ИДЕНТИФИКАТОР ВЕРСИИ
контрольное поле 20250613192910.0
035 ## - ДРУГИЕ СИСТЕМНЫЕ НОМЕРА
Идентификатор записи (NLR Aleph) 009961568
100 ## - ДАННЫЕ ОБЩЕЙ ОБРАБОТКИ
Данные общей обработки 20040515d1798 |||y0rusy50 ca
101 0# - ЯЗЫК РЕСУРСА
Язык текста, звукозаписи и т.д. итальянский
102 ## - СТРАНА ПУБЛИКАЦИИ ИЛИ ПРОИЗВОДСТВА
Страна публикации Российская Федерация
105 ## - ПОЛЕ КОДИРОВАННЫХ ДАННЫХ: ТЕКСТОВЫЕ МАТЕРИАЛЫ, МОНОГРАФИЧЕСКИЕ
Кодированные данные о монографическом текстовом документе y ||||000ay
200 0# - ЗАГЛАВИЕ И СВЕДЕНИЯ ОБ ОТВЕТСТВЕННОСТИ
Основное заглавие Vol.5
210 ## - ПУБЛИКАЦИЯ, РАСПРОСТРАНЕНИЕ И ДР.
Дата издания, распространения и т.д. 1798
Место издания, распространения и т.д. Б. м.
461 #0 - УРОВЕНЬ НАБОРА
Встроенное поле 001RU\NLR\INFOCOMM15\ROSSICA\1000122065
-- 2001#$aGiornale musicale del Teatro italiano di S.Pietroburgo, o scelta d'arie, duetti, terzetti ouverture etc. delle Opere buffe, rappresentati sul Teatro Imperiale di St.Pietroburgo, nell' Anno 1796, e segnenti, dati in luce da B.T.Breitkopf$vVol.5
Системный номер (АБИС) связанной записи 9603880
Место публикации Pietroburgo
Дата публикации 1796-1798
Заглавие Giornale musicale del Teatro italiano di S.Pietroburgo, o scelta d'arie, duetti, terzetti ouverture etc. delle Opere buffe, rappresentati sul Teatro Imperiale di St.Pietroburgo, nell' Anno 1796, e segnenti, dati in luce da B.T.Breitkopf
Номер тома Vol.5
801 #1 - ИСТОЧНИК ЗАПИСИ
Страна Российская Федерация
Организация InfoComm
Дата составления 20040515
801 #0 - ИСТОЧНИК ЗАПИСИ
Страна Российская Федерация
Организация NLR
Правила каталогизации PSBO
852 ## - МЕСТОНАХОЖДЕНИЕ И ШИФР ХРАНЕНИЯ
Идентификатор организации NLR
Шифр хранения (Call Number) 13.18.1.62
942 ## - ДОПОЛНИТЕЛЬНЫЕ ЭЛЕМЕНТЫ ЗАПИСИ (АБИС)
Тип экземпляра АБИС Книга
980 ## - КОЛЛЕКЦИЯ
Название коллекции Национальная библиография
980 ## - КОЛЛЕКЦИЯ
Название коллекции Россика
Экземпляры
Тип экземпляра Дата поступления Библиотека постоянного хранения Библиотека текущего хранения Место хранения Шифр хранения Штрих-код Статус экземпляра
Книга 26.10.2013 РНБ (Садовая) РНБ (Садовая) Иностранный книжный фонд, главное здание 13.18.1.62 9961568-10